Score 0/19 Timer 01:30
0 Plays Today
Hint Answer % Correct
What is the L in a BLT?Lettuce
95%
Houston is in what American state?Texas
88.1%
What country is Roger Federer from?Switzerland
76.3%
Who did Jurgen Klopp manage before Liverpool?Borussia Dortmund
65.9%
Who presents The Chase?Bradley Walsh
54.2%
Which planet is closest to the Earth?Venus
48.7%
Who is the Wexford hurling manager?David Fitzgerald
46.3%
Which of these three counties is the biggest - Wexford, Meath or Kilkenny?Wexford
38.6%
How many seasons of The Simpsons has there been?32
38%
Who was the first US President?George Washington
28%
Hint Answer % Correct
Who was voted Dublin's new Lord Mayor this week?Hazel Chu
20.8%
Who composed the music for the original Star Wars movies?John Williams
20.7%
Which country is the origin of the cocktail Mojito?Cuba
20.1%
In what year did Bill O'Herlihy die?2015
19.6%
What fictional town is Fair City set in?Carrigstown
19.3%
Who is Ireland's Chief Medical Officer?Tony Holohan
15.5%
What age is Ellen DeGeneres?62
10.3%
Who played Simba in the live-action remake of The Lion King?Donald Glover
9.5%
What is the capital of Morocco? Rabat
8.7%
Remove Ads.
Support Sporcle.
Get the best of Sporcle when you Go Orange. This ad-free experience offers more features, more stats, and more fun while also helping to support Sporcle. Thank you for becoming a member.

You're not logged in!

Compare scores with friends on all Sporcle quizzes.
OR
Log In

Sporcle TV

Today on Sporcle TV


Watch our educational content, quiz creation guides, and fun videos on Sporcle TV.

Show Comments

Extras

Created Jun 30, 2020ReportNominate
Tags:Ace, joe

Top Quizzes Today


Score Distribution

Paid Content

Your Account Isn't Verified!

In order to create a playlist on Sporcle, you need to verify the email address you used during registration. Go to your Sporcle Settings to finish the process.

Report this User

Report this user for behavior that violates our Community Guidelines.

Details: